LEADER 01755nam a2200313 u 4500 001 000000005531 003 CaOOAMICUS 005 20070226104755.0 008 940514s1951 sp u000 u spa u 035 $a10142356 040 $aPUL$bita 110 2 $aCatholic Church.$0(OLS)http://pul/name/5719 240 10$aCodex iuris canonici (1917).$lSpagnolo e latino.$0(OLS)http://pul/title/8106 245 10$aCódigo de derecho canónico y legislación complementaria :$btexto latino y versión castellana, con jurisprudencia y comentarios /$cpor Lorenzo Miguélez Domínguez, Sabino Alonso Morán y Marcelino Cabreros de Anta ; prólogo del Dr. José López Ortiz. 250 $a4. ed., rev., ampliada y mejorada. 260 $aMadrid :$bEditorial Católica,$c1951. 300 $axlviii, 1068 p. ;$c20 cm 490 1 $aBiblioteca de autores cristianos.$aSección II, Teología y Canones ;$v7a 500 $aIncludes index. 650 0$aCanon law.$2//eng$0(OLS)http://pul/subject/1600 700 1 $aCabreros de Anta, Marcelino.$0(OLS)http://pul/name/5722 700 1 $aAlonso Morán, Sabino,$d1890-$0(OLS)http://pul/name/5721 700 1 $aMiguélez Domínguez, Lorenzo.$0(OLS)http://pul/name/5720 830 0$aBiblioteca de autores cristianos.$nSección II,$pTeología y Canones ;$v7a.$0(OLS)http://pul/title/8105 850 $aPUL 852 $aPUL$W1$xDP1 Fondo Cecchetti$y53$m273 F 29$j7741$nBK-PRI$b $qFondi$B7741$CPULBib$Z2$F7741 $H $81 941 1 $a1 996 $6245$aCódigo de derecho canónico y legislación complementaria :$btexto latino y versión castellana, con jurisprudencia y comentarios$9(OLS)http://pul/title/8107 996 $6260$aMadrid :$bEditorial Católica$9(OLS)http://pul/publisher/48427 LEADER 01833nam a2200409 u 4500 001 000000069946 003 CaOOAMICUS 005 20070226121951.0 008 020423s1990 it u000 u ita u 020 $a884203536X 035 $a10927561 040 $aPUL(R)$bita$dPUL(R) 041 1 $aita$hfre 100 1 $aFaivre, Antoine,$d1934-$0(OLS)http://pul/name/46511 240 10$aHistoire des religions.$lItaliano.$0(OLS)http://pul/title/92294 245 10$aEsoterismo, spiritismo, massoneria /$cAntoine Faivre, Sérge Hutin, Jean Seguy. 260 $aBari :$bLaterza,$c1990. 300 $axvii, 210 p. ;$c23 cm 490 1 $aStoria delle religioni 490 1 $aBiblioteca universale (Laterza) ;$v229 500 $aContiene indici. 504 $aBibliografia in appendice. 650 4$aEsoterismo.$0(OLS)http://pul/subject/22418 650 4$aSpiritismo.$0(OLS)http://pul/subject/882 650 4$aMassoneria.$0(OLS)http://pul/subject/22736 700 1 $aSéguy, Jean.$0(OLS)http://pul/name/33346 700 1 $aHutin, Serge,$d1929-$0(OLS)http://pul/name/46512 830 0$aBiblioteca universale (Laterza) ;$v229.$0(OLS)http://pul/title/51 830 0$aStoria delle religioni (Laterza).$0(OLS)http://pul/title/64845 850 $aPUL 852 $aPUL$W1$xDP1 Cons. Gen., Altre Classi 1$y22$m781 B 9$j90551$nBK-PRI$b $qStampati$B90551$CPULBib$Z2$F90551 $H70722 $81 852 $aPUL$W1$xDP1 Cons. Gen., Altre Classi 1$y22$m780 B 10$j90552$nBK-PRI$b $qStampati$B90552$CPULBib$Z2$F90552 $H $81 941 1 $a8 961 $aINV: 64666 996 $6020$a884203536X$9(OLS)http://pul/number/90521 996 $6245$aEsoterismo, spiritismo, massoneria$9(OLS)http://pul/title/92295 996 $6260$aBari :$bLaterza$9(OLS)http://pul/publisher/47895